000 00753cam a22002773a 4500
001 24247
003 PGUSA
005 20140828083522.0
008 080111s2008||||xxu|||||s|||||000 1 eng d
040 _aPGUSA
_beng
042 _adc
050 4 _aPS
100 1 _aReynolds, Mack,
_d1917-1983
245 1 0 _aGun for Hire
_h[electronic resource] /
_cMack Reynolds
260 _bProject Gutenberg,
_c2008
506 _aPublic domain in the USA.
516 _aElectronic text
653 _aAssassins -- Fiction
653 _aShort stories
653 _aScience fiction
653 _aTime travel -- Fiction
700 1 _aDongen, H. R. van
830 0 _aProject Gutenberg
_v24247
856 4 0 _uhttp://www.gutenberg.org/ebooks/24247
942 _cEB
999 _c253502
_d253502